La independencia del juez a la luz de las modificaciones del artículo 75 de la constitución política del Estado.
| Autor principal: | |
|---|---|
| Formato: | Libro |
| Lenguaje: | inglés |
| Publicado: |
Santiago, Chile
Universidad Central de Chile
2000
|
| Materias: |
MARC
| LEADER | 00000cam a2200000 a 4500 | ||
|---|---|---|---|
| 001 | 035034 | ||
| 003 | UAHC_CL | ||
| 005 | 20170803123819.0 | ||
| 008 | 020111b xx j 000 1 eng | ||
| 040 | |a UAHC_CL |c UAHC_CL |d UAHC_CL | ||
| 100 | 1 | |a Guzmán Tapia, Juan | |
| 245 | 1 | 3 | |a La independencia del juez a la luz de las modificaciones del artículo 75 de la constitución política del Estado. |
| 260 | |b Universidad Central de Chile |c 2000 |a Santiago, Chile | ||
| 650 | 4 | |a CONSTITUCION (CHILE) |x EVALUACION | |
| 900 | |a LA REVISTA DE DERECHO-1/00 | ||
| 942 | |c BK | ||
| 999 | |c 35034 |d 35034 | ||